000 00701nam a22001817a 4500
003 BD-DhUL
005 20170724150125.0
008 170724s1982 su ||||| |||| 000 0 ara d
040 _aBD-DhUL
_cBD-DhUL
082 _a892.7
_bADA
110 2 _aاصدار اللجنۃ الثقافیۃ العامۃ بجامعۃ ام القری
245 0 _aادب ۔۔ فکر۔۔ثقافۃ /
_cاصدار اللجنۃ الثقافیۃ العامۃ بجامعۃ ام القری۔
246 _aAdab.. Fikr .. Sikāfat.
260 _aمکۃ المکرمۃ :
_bاللجنۃ الثقافیۃ،
_c۱۹۸۲۔
300 _aص۔ ۲۳۰ : تصویر ؛
_c۲۴ سم۔
650 0 _aArabic literature.
942 _2ddc
_cBK
999 _c212476
_d212476